000 01056nam0a22003251 4500
001 RU\INFOCOMM_318\NLR\5000085971
005 20250613103003.0
035 _a(NLR Aleph) 009454733
090 _a8428474
_c8428474
100 _a20121205d1974 |||y0rusy50 ca
101 0 _aeng
102 _aRU
105 _ay z |||||
200 1 _aAcceleration of atoms by light
_fA. P. Kazantsev
210 _aChernogolovka
_d1974
215 _a20 с.
_cграф.
_d22 см
225 1 _aPreprint
_fThe Acad. of sciences of the USSR. L. D. Landau inst. for theoretical physics
300 _a"Submitted to ZhETF, Sept. 1973"
320 _aБиблиогр.: с. 19
606 _aАтомы
_xУскорение светом
_2nlr_sh1
620 _aЧерноголовка
686 _aВ381.1
_2rubbk
686 _aВ338.21
_2rubbk
700 1 _9z01790
_aKazancev
_bA. P.
_gAnatolij Pavlovič
790 1 _9z01700
_aKazantsev
_bA. P.
_4070
801 1 _aRU
_bNLR
_c20121205
801 0 _aRU
_bINFOCOMM
_gPSBO
852 _aNLR
_jФз01 Д-6/64
942 _cBOOK
980 _aNB